[Event "Alicante IRT op 15th"]
[Site "Alicante"]
[Date "2021.09.24"]
[Round "2"]
[White "Ibanez Guillen, Enrique"]
[Black "Rebole Arbea, Jose Ignacio"]
[Result "0-1"]
[WhiteElo "1840"]
[BlackElo "2132"]
[PlyCount "102"]
[EventDate "2021.09.24"]
[EventType "swiss"]
[EventRounds "7"]
[EventCountry "ESP"]
[SourceTitle "CBM 204 Extra"]
[Source "ChessBase"]
[SourceDate "2021.11.30"]
[SourceVersion "1"]
[SourceVersionDate "2021.11.30"]
[SourceQuality "1"]

1. c4 c5 2. g3 Nc6 3. Bg2 g6 4. Nc3 Bg7 5. Nf3 d6 6. 0-0 e6 7. d3 Nge7 8. Bg5 h6 9. Bf4 e5 10. Bd2 0-0 11. Rb1 Bg4 12. a3 Qd7 13. Re1 Kh7 14. b4 Rab8 15. bxc5 dxc5 16. Qa4 Rfd8 17. Nd5 Bxf3 18. Bxf3 Nd4 19. Qxa7 Nxf3+ 20. exf3 Nxd5 21. cxd5 Qxd5 22. Be3 Bf8 23. Rb5 Qxf3 24. Bxc5 Ra8 25. Qb6 Bxc5 26. Qxc5 Rxd3 27. Qxe5 Raxa3 28. Qe4 Rd1 29. Qxf3 Rxe1+ 30. Kg2 Rxf3 31. Kxf3 Re7 32. h4 h5 33. Rb6 Kg7 34. Kf4 Kf8 35. g4 hxg4 36. Kxg4 Ke8 37. f4 Kd8 38. h5 gxh5+ 39. Kxh5 Kc7 40. Rb1 Kc6 41. f5 b5 42. Kg5 Rb7 43. Kf6 b4 44. Rc1+ Kd5 45. Rd1+ Kc4 46. Rc1+ Kd3 47. Kg7 b3 48. f6 b2 49. Rh1 Kc2 50. Rh2+ Kb3 51. Rh3+ Ka2 0-1

[Event "Pontevedra op-A 6th"]
[Site "Pontevedra"]
[Date "2018.08.10"]
[Round "3"]
[White "Rebole Arbea, Jose Ignacio"]
[Black "Otero Nogueira, Brais"]
[Result "1-0"]
[WhiteElo "2143"]
[BlackElo "2068"]
[PlyCount "57"]
[EventDate "2018.08.08"]
[EventType "swiss"]
[EventRounds "9"]
[EventCountry "ESP"]
[SourceTitle "EXT 2021"]
[Source "ChessBase"]
[SourceDate "2020.10.23"]
[SourceVersion "1"]
[SourceVersionDate "2020.10.23"]
[SourceQuality "1"]

1. g3 Nf6 2. Bg2 g6 3. c4 Bg7 4. Nc3 d6 5. e3 0-0 6. Nge2 e5 7. 0-0 c6 8. d3 Re8 9. h3 Nbd7 10. b4 Nf8 11. a4 d5 12. cxd5 cxd5 13. d4 e4 14. Qb3 Ne6 15. a5 h5 16. Nf4 Nxf4 17. exf4 Be6 18. Be3 Qd7 19. Kh2 h4 20. Na4 Bf8 21. Nc5 Bxc5 22. bxc5 hxg3+ 23. fxg3 Kg7 24. Rab1 Bxh3 25. Bxh3 Rh8 26. f5 gxf5 27. Bf4 Rxh3+ 28. Kxh3 Rh8+ 29. Kg2 1-0

[Event "Huarte Puente Foral op 8th"]
[Site "Huarte"]
[Date "2013.12.03"]
[Round "1"]
[White "Rebole Arbea, Jose Ignacio"]
[Black "Diaz Redondo, Isidoro"]
[Result "1-0"]
[WhiteElo "2166"]
[BlackElo "1571"]
[PlyCount "53"]
[EventDate "2013.12.03"]
[EventType "swiss"]
[EventRounds "7"]
[EventCountry "ESP"]
[SourceTitle "EXT 2016"]
[Source "ChessBase"]
[SourceDate "2015.10.08"]
[SourceVersion "1"]
[SourceVersionDate "2015.10.08"]
[SourceQuality "1"]

1. d4 d5 2. c4 Nf6 3. cxd5 Nxd5 4. e4 Nb6 5. a4 a5 6. Nc3 Nc6 7. Bb5 Bd7 8. Nf3 e6 9. 0-0 Be7 10. Bf4 0-0 11. Re1 Nb4 12. Bf1 Rc8 13. Ne5 Be8 14. Nc4 Nxc4 15. Bxc4 c6 16. Re3 Bf6 17. e5 Bg5 18. Bxg5 Qxg5 19. Ne4 Qg6 20. Qe2 Kh8 21. Rg3 Qh6 22. Nd6 Rc7 23. Rf1 f5 24. exf6 Qxf6 25. Rf3 Qe7 26. Qxe6 Nd5 27. Qxe7 1-0

[Event "San Sebastian op 36th"]
[Site "San Sebastian"]
[Date "2013.03.27"]
[Round "6"]
[White "Rebole Arbea, Jose Ignacio"]
[Black "Vazquez Igarza, Renier"]
[Result "0-1"]
[WhiteElo "2183"]
[BlackElo "2557"]
[PlyCount "54"]
[EventDate "2013.03.23"]
[EventType "swiss"]
[EventRounds "9"]
[EventCountry "ESP"]
[SourceTitle "CBM 153 Extra"]
[Source "ChessBase"]
[SourceDate "2013.04.22"]
[SourceVersion "1"]
[SourceVersionDate "2013.04.22"]
[SourceQuality "1"]

1. d4 Nf6 2. Nf3 g6 3. g3 Bg7 4. Bg2 0-0 5. c4 d5 6. 0-0 dxc4 7. Ne5 Nc6 8. Nxc6 bxc6 9. Na3 Be6 10. Bxc6 Rb8 11. Qa4 Qxd4 12. Be3 Qxb2 13. Nxc4 Qxe2 14. Rac1 Nd5 15. Rfe1 Qg4 16. Qxa7 Nc3 17. Nd2 Ne2+ 18. Rxe2 Qxe2 19. a4 Rb2 20. Bf3 Qd3 21. Be4 Qd8 22. Nf3 Bd5 23. Bxd5 Qxd5 24. Kg2 Ra2 25. Qxc7 e5 26. Rc5 Qe4 27. Rc3 Rxa4 0-1

[Event "San Sebastian op 36th"]
[Site "San Sebastian"]
[Date "2013.03.26"]
[Round "5"]
[White "Izagirre Alsua, Aritz"]
[Black "Rebole Arbea, Jose Ignacio"]
[Result "0-1"]
[WhiteElo "1850"]
[BlackElo "2183"]
[PlyCount "70"]
[EventDate "2013.03.23"]
[EventType "swiss"]
[EventRounds "9"]
[EventCountry "ESP"]
[SourceTitle "CBM 153 Extra"]
[Source "ChessBase"]
[SourceDate "2013.04.22"]
[SourceVersion "1"]
[SourceVersionDate "2013.04.22"]
[SourceQuality "1"]

1. e4 c5 2. Nc3 Nc6 3. g3 g6 4. Bg2 Bg7 5. d3 e6 6. Be3 d6 7. Qd2 Rb8 8. Nd1 b5 9. f4 Nge7 10. Nf3 a5 11. 0-0 0-0 12. g4 f5 13. h3 b4 14. Rb1 Nd4 15. Bf2 Qc7 16. Bg3 Bd7 17. Ne3 Bb5 18. Rfe1 a4 19. Ng5 h6 20. Nf3 a3 21. c4 Bc6 22. Nd1 axb2 23. Nxd4 Bxd4+ 24. Bf2 Bf6 25. exf5 Bxg2 26. Kxg2 exf5 27. Re6 Qd7 28. Qe2 Kf7 29. Re3 Nc6 30. Nxb2 Nd4 31. Qd1 Ra8 32. Re1 Rxa2 33. Kg3 Re8 34. Rxe8 Qxe8 35. Qc1 Ne2+ 0-1

[Event "San Sebastian op 36th"]
[Site "San Sebastian"]
[Date "2013.03.25"]
[Round "4"]
[White "Rebole Arbea, Jose Ignacio"]
[Black "Darrigues, Alain"]
[Result "1-0"]
[WhiteElo "2183"]
[BlackElo "1991"]
[PlyCount "79"]
[EventDate "2013.03.23"]
[EventType "swiss"]
[EventRounds "9"]
[EventCountry "ESP"]
[SourceTitle "CBM 153 Extra"]
[Source "ChessBase"]
[SourceDate "2013.04.22"]
[SourceVersion "1"]
[SourceVersionDate "2013.04.22"]
[SourceQuality "1"]

1. g3 c5 2. Bg2 Nf6 3. c4 Nc6 4. Nc3 g6 5. e3 Bg7 6. Nge2 0-0 7. 0-0 d6 8. d3 Rb8 9. a3 a6 10. Rb1 Bd7 11. b4 cxb4 12. axb4 b5 13. cxb5 axb5 14. f4 Qc8 15. Bd2 Bh3 16. Qe1 Bxg2 17. Kxg2 Qb7 18. Kg1 Ra8 19. Qf2 e6 20. Qf3 Qb6 21. Kh1 d5 22. g4 Ra3 23. Rfc1 Rfa8 24. g5 Nd7 25. e4 d4 26. Nd1 Nce5 27. fxe5 Nxe5 28. Qg2 Nxd3 29. Ng3 Nxc1 30. Rxc1 Be5 31. Nf1 Ra1 32. Nf2 Rxc1 33. Bxc1 Ra2 34. Bd2 Qc7 35. Ng4 d3 36. Qf3 Ra3 37. h4 Bc3 38. Qxd3 Bxb4 39. Nh6+ Kh8 40. Qd4+ 1-0

[Event "Navarra-chT Preferente"]
[Site "Navarra"]
[Date "2012.10.20"]
[Round "2.4"]
[White "Rebole Arbea, Jose Ignacio"]
[Black "Yaben Munoz, Javier"]
[Result "1-0"]
[WhiteElo "2189"]
[BlackElo "2018"]
[PlyCount "43"]
[EventDate "2012.10.13"]
[EventType "team"]
[EventRounds "7"]
[EventCountry "ESP"]
[SourceTitle "EXT 2014"]
[Source "ChessBase"]
[SourceDate "2013.11.20"]
[SourceVersion "1"]
[SourceVersionDate "2013.11.20"]
[SourceQuality "1"]
[WhiteTeam "Orvina"]
[BlackTeam "Oberena"]
[WhiteTeamCountry "ESP"]
[BlackTeamCountry "ESP"]

1. g3 d5 2. Bg2 e5 3. c4 c6 4. cxd5 cxd5 5. d3 Nc6 6. Nf3 Bd6 7. Nc3 Nge7 8. 0-0 Qb6 9. b3 0-0 10. Bb2 f6 11. Rc1 Be6 12. Qc2 Nb4 13. Qb1 Rac8 14. a3 Nbc6 15. b4 Bf7 16. Ba1 Nb8 17. Bh3 Rc7 18. Na4 Rxc1 19. Rxc1 Qa6 20. Nc5 Bxc5 21. Rxc5 Qxa3 22. Ra5 1-0

[Event "Figueres op 13th"]
[Site "Figueres"]
[Date "2012.08.16"]
[Round "9"]
[White "Govciyan, Pavel"]
[Black "Rebole Arbea, Jose Ignacio"]
[Result "1-0"]
[WhiteElo "2451"]
[BlackElo "2188"]
[PlyCount "77"]
[EventDate "2012.08.09"]
[EventType "swiss"]
[EventRounds "9"]
[EventCountry "ESP"]
[SourceTitle "CBM 149 Extra"]
[Source "ChessBase"]
[SourceDate "2012.08.24"]
[SourceVersion "1"]
[SourceVersionDate "2012.08.24"]
[SourceQuality "1"]

1. d4 f5 2. c4 Nf6 3. Nc3 g6 4. h4 d6 5. h5 Nxh5 6. Rxh5 gxh5 7. e4 fxe4 8. Qxh5+ Kd7 9. Qg4+ Ke8 10. Qxe4 Qd7 11. Be2 Qf5 12. Qh4 Nc6 13. Nd5 Kd8 14. Be3 Be6 15. g4 Qf7 16. Nh3 Bxd5 17. Ng5 Qg6 18. cxd5 Nb4 19. Rd1 Nxd5 20. Bd3 Qf6 21. Bf5 Nxe3 22. fxe3 e6 23. Nxe6+ Ke7 24. Qh1 c6 25. Qe4 Qh4+ 26. Ke2 Qh2+ 27. Kd3 d5 28. Qf3 Qxb2 29. Qf4 Qa3+ 30. Ke2 Qd6 31. Qg5+ Ke8 32. Qh5+ Ke7 33. Rf1 a5 34. Qg5+ Kd7 35. Nxf8+ Kc7 36. Ne6+ Kb6 37. Rb1+ Ka7 38. Qg7 Rab8 39. Nc5 1-0

[Event "Figueres op 13th"]
[Site "Figueres"]
[Date "2012.08.14"]
[Round "7"]
[White "Rebole Arbea, Jose Ignacio"]
[Black "Antoli Royo, Joaquin Miguel"]
[Result "0-1"]
[WhiteElo "2188"]
[BlackElo "2398"]
[PlyCount "44"]
[EventDate "2012.08.09"]
[EventType "swiss"]
[EventRounds "9"]
[EventCountry "ESP"]
[SourceTitle "CBM 149 Extra"]
[Source "ChessBase"]
[SourceDate "2012.08.24"]
[SourceVersion "1"]
[SourceVersionDate "2012.08.24"]
[SourceQuality "1"]

1. c4 e5 2. g3 Nf6 3. Bg2 c6 4. d3 d5 5. cxd5 cxd5 6. Nf3 Nc6 7. 0-0 Be7 8. a3 a5 9. b3 0-0 10. Bb2 e4 11. dxe4 dxe4 12. Nd4 Qb6 13. Nxc6 bxc6 14. Bd4 c5 15. Bxf6 Bxf6 16. Ra2 Be6 17. Nd2 a4 18. Nxe4 Be7 19. Rc2 axb3 20. Qb1 Rxa3 21. Rfc1 Rfa8 22. Rc3 b2 0-1

[Event "Figueres op 13th"]
[Site "Figueres"]
[Date "2012.08.13"]
[Round "6"]
[White "Triadu Cassa, Jordi"]
[Black "Rebole Arbea, Jose Ignacio"]
[Result "0-1"]
[WhiteElo "2138"]
[BlackElo "2188"]
[PlyCount "96"]
[EventDate "2012.08.09"]
[EventType "swiss"]
[EventRounds "9"]
[EventCountry "ESP"]
[SourceTitle "CBM 149 Extra"]
[Source "ChessBase"]
[SourceDate "2012.08.24"]
[SourceVersion "1"]
[SourceVersionDate "2012.08.24"]
[SourceQuality "1"]

1. e4 c5 2. Nf3 Nc6 3. d4 cxd4 4. Nxd4 e5 5. Nb5 d6 6. N1c3 a6 7. Na3 b5 8. Nd5 Nce7 9. c4 Nxd5 10. cxd5 f5 11. Bd3 fxe4 12. Bxe4 Nf6 13. Qd3 Nxe4 14. Qxe4 Be7 15. Nc2 0-0 16. 0-0 Bg5 17. Nb4 Bxc1 18. Nc6 Qg5 19. Raxc1 Bh3 20. f4 exf4 21. Qf3 Bg4 22. Qf2 f3 23. g3 Rae8 24. Rce1 Bh3 25. Rxe8 Rxe8 26. Re1 Rf8 27. a3 h6 28. Re3 Kh8 29. Nd4 Qxd5 30. Rxf3 Rxf3 31. Nxf3 Qd1+ 32. Ne1 d5 33. Qe3 Bf5 34. Kf2 Kh7 35. Nf3 Be4 36. Nd2 Qh1 37. h4 Qg2+ 38. Ke1 Bg6 39. Qf4 Qg1+ 40. Ke2 d4 41. Nf3 d3+ 42. Kd2 Qf2+ 43. Kc3 Qc2+ 44. Kd4 Qxb2+ 45. Ke3 Qxa3 46. g4 Qc1+ 47. Nd2 Qe1+ 48. Kd4 Qxh4 0-1

[Event "Figueres op 13th"]
[Site "Figueres"]
[Date "2012.08.12"]
[Round "5"]
[White "Rebole Arbea, Jose Ignacio"]
[Black "Guilleux, Fabien"]
[Result "0-1"]
[WhiteElo "2188"]
[BlackElo "2439"]
[PlyCount "68"]
[EventDate "2012.08.09"]
[EventType "swiss"]
[EventRounds "9"]
[EventCountry "ESP"]
[SourceTitle "CBM 149 Extra"]
[Source "ChessBase"]
[SourceDate "2012.08.24"]
[SourceVersion "1"]
[SourceVersionDate "2012.08.24"]
[SourceQuality "1"]

1. g3 c5 2. Bg2 Nf6 3. c4 d5 4. cxd5 Nxd5 5. Nc3 Nc7 6. d3 e5 7. Be3 Be7 8. Rc1 Ne6 9. Nd5 Bd6 10. Nf3 Nc6 11. 0-0 0-0 12. Nd2 Ned4 13. Ne4 Be6 14. Nxd6 Qxd6 15. Nc3 f5 16. Bd2 Bf7 17. f4 Bh5 18. Qe1 Rae8 19. Qf2 Nb4 20. fxe5 Qxe5 21. Qf4 Bxe2 22. Qxe5 Rxe5 23. Bf4 Bxf1 24. Kxf1 Nxd3 25. Bxe5 Nxc1 26. Bd6 Rd8 27. Bxc5 b6 28. Be7 Re8 29. Bd5+ Kh8 30. Bg5 Nd3 31. b3 Re1+ 32. Kg2 f4 33. Bxf4 Nxf4+ 34. gxf4 Nc2 0-1

[Event "Euskadi-chT (Vasca) Div Honor"]
[Site "Bergara"]
[Date "2011.02.05"]
[Round "5"]
[White "Cruz Lopez Claret, Carlos"]
[Black "Rebole Arbea, Jose Ignacio"]
[Result "1-0"]
[WhiteElo "2326"]
[BlackElo "2203"]
[PlyCount "53"]
[EventDate "2011.01.08"]
[EventType "team-tourn"]
[EventRounds "9"]
[EventCountry "ESP"]
[SourceTitle "EXT 2024"]
[Source "ChessBase"]
[SourceDate "2023.10.10"]
[SourceVersion "1"]
[SourceVersionDate "2023.10.10"]
[SourceQuality "1"]

1. d4 d5 2. c4 e5 3. dxe5 d4 4. Nf3 Nc6 5. g3 Bg4 6. Bg2 Qd7 7. 0-0 Bh3 8. Qb3 Bxg2 9. Kxg2 0-0-0 10. Rd1 Qf5 11. Na3 Bxa3 12. Qxa3 f6 13. b4 fxe5 14. b5 Nb8 15. Qc5 Nd7 16. Qxa7 Ne7 17. c5 Nb8 18. c6 bxc6 19. Ba3 Rhe8 20. Rac1 Qe4 21. Rc5 Rd5 22. Rdc1 Rxc5 23. Rxc5 Nf5 24. bxc6 Nxc6 25. Qa6+ Kd7 26. Kg1 Nd6 27. Nd2 1-0

[Event "Euskadi-chT (Vasca) Div Honor"]
[Site "Bergara"]
[Date "2011.01.29"]
[Round "4"]
[White "Segovia Sanchez, Antonio"]
[Black "Rebole Arbea, Jose Ignacio"]
[Result "1/2-1/2"]
[WhiteElo "1992"]
[BlackElo "2203"]
[PlyCount "98"]
[EventDate "2011.01.08"]
[EventType "team-tourn"]
[EventRounds "9"]
[EventCountry "ESP"]
[SourceTitle "EXT 2024"]
[Source "ChessBase"]
[SourceDate "2023.10.10"]
[SourceVersion "1"]
[SourceVersionDate "2023.10.10"]
[SourceQuality "1"]

1. d4 d5 2. Nf3 Nf6 3. Bf4 e6 4. e3 c6 5. c3 Bd6 6. Ne5 Qe7 7. Nd2 Nbd7 8. Qf3 Bb8 9. h4 Nxe5 10. dxe5 Nd7 11. Qg3 Rg8 12. Bd3 g6 13. e4 f6 14. exf6 Bxf4 15. Qxf4 Qxf6 16. Qe3 Rf8 17. h5 Ne5 18. Be2 Bd7 19. hxg6 hxg6 20. f3 b6 21. a4 Qf4 22. Qxf4 Rxf4 23. g3 Rf8 24. f4 Nf7 25. exd5 exd5 26. Nf3 0-0-0 27. a5 b5 28. 0-0-0 Rde8 29. Bd3 Bg4 30. Rdf1 Re3 31. Ne1 Nd6 32. Rh4 Rxg3 33. Bxg6 Nc4 34. Nc2 Be2 35. Re1 Rxg6 36. Rxe2 Rg1+ 37. Ne1 Nxa5 38. Re7 Nb7 39. Rhh7 Nd6 40. Kc2 Re8 41. Rxa7 Kb8 42. Nd3 Nc4 43. Kb3 Rg2 44. Kb4 Rd2 45. Rab7+ Ka8 46. Ra7+ Kb8 47. Rab7+ Ka8 48. Ra7+ Kb8 49. Rab7+ Ka8 1/2-1/2

[Event "Euskadi-chT (Vasca) Div Honor"]
[Site "Bergara"]
[Date "2011.01.08"]
[Round "1.2"]
[White "Rebole Arbea, Jose Ignacio"]
[Black "Iruzubieta Villaluenga, Jesus Maria"]
[Result "1/2-1/2"]
[WhiteElo "2203"]
[BlackElo "2403"]
[PlyCount "76"]
[EventDate "2011.01.08"]
[EventType "team-tourn"]
[EventRounds "9"]
[EventCountry "ESP"]
[SourceTitle "EXT 2024"]
[Source "ChessBase"]
[SourceDate "2023.10.10"]
[SourceVersion "1"]
[SourceVersionDate "2023.10.10"]
[SourceQuality "1"]

1. g3 d5 2. Bg2 c6 3. Nf3 Nf6 4. c4 Bg4 5. Ne5 Bf5 6. cxd5 cxd5 7. 0-0 e6 8. b3 Bd6 9. Bb2 0-0 10. d3 Qc7 11. Nf3 Nc6 12. Nbd2 Rfd8 13. Nd4 Nxd4 14. Bxd4 Ba3 15. Nf3 Rac8 16. Qd2 a6 17. Rfd1 Bg6 18. Ne5 Nd7 19. Nxd7 Rxd7 20. Bb2 Bxb2 21. Qxb2 Qa5 22. Rdc1 Rdc7 23. a3 h6 24. Bf3 Qb6 25. b4 Qd6 26. Rxc7 Qxc7 27. Kf1 b6 28. Ke1 f6 29. Kd1 Be8 30. Rc1 Ba4+ 31. Kd2 Qxc1+ 32. Qxc1 Rxc1 33. Kxc1 Kf7 34. e3 Ke7 35. Kb2 g5 36. h4 gxh4 37. gxh4 Kd6 38. d4 Bb5 1/2-1/2

[Event "Navarra Puente Foral-A 5th"]
[Site "Navarra"]
[Date "2010.12.06"]
[Round "5.5"]
[White "Rebole Arbea, Jose Ignacio"]
[Black "Vinal Gutierrez, Pedro"]
[Result "1-0"]
[WhiteElo "2211"]
[BlackElo "2097"]
[PlyCount "63"]
[EventDate "2010.12.03"]
[EventType "swiss"]
[EventRounds "7"]
[EventCountry "ESP"]
[SourceTitle "EXT 2024"]
[Source "ChessBase"]
[SourceDate "2023.10.10"]
[SourceVersion "1"]
[SourceVersionDate "2023.10.10"]
[SourceQuality "1"]

1. Nf3 d5 2. g3 Bg4 3. Ne5 h5 4. c4 Nf6 5. Qb3 Bc8 6. Bg2 c6 7. cxd5 cxd5 8. Nc3 e6 9. d4 Bd6 10. e4 Bxe5 11. dxe5 Nxe4 12. Nxe4 dxe4 13. 0-0 Qd5 14. Qa3 Nc6 15. Bf4 Nxe5 16. Qc3 f6 17. Rad1 Nd3 18. Rfe1 f5 19. Qxg7 Rf8 20. Bh6 Qc5 21. Qg6+ Rf7 22. Re2 Bd7 23. Qg8+ Rf8 24. Bxf8 Qxf8 25. Qxf8+ Kxf8 26. f3 exf3 27. Bxf3 Bb5 28. Red2 Ne5 29. Bxb7 Rb8 30. Rd8+ Rxd8 31. Rxd8+ Ke7 32. Ra8 1-0

[Event "Navarra Puente Foral-A 5th"]
[Site "Navarra"]
[Date "2010.12.04"]
[Round "2.1"]
[White "Rebole Arbea, Jose Ignacio"]
[Black "Cabrejos Tovar, Jose"]
[Result "0-1"]
[WhiteElo "2211"]
[BlackElo "2137"]
[PlyCount "76"]
[EventDate "2010.12.03"]
[EventType "swiss"]
[EventRounds "7"]
[EventCountry "ESP"]
[SourceTitle "EXT 2024"]
[Source "ChessBase"]
[SourceDate "2023.10.10"]
[SourceVersion "1"]
[SourceVersionDate "2023.10.10"]
[SourceQuality "1"]

1. g3 f5 2. Bg2 Nf6 3. d4 g6 4. Nf3 Bg7 5. c4 0-0 6. 0-0 d6 7. Nc3 c6 8. b3 Qa5 9. Bb2 e5 10. dxe5 dxe5 11. e4 Na6 12. Qe2 f4 13. a3 Nh5 14. b4 Qc7 15. Na4 Qe7 16. Bc3 Nc7 17. Qb2 Be6 18. Nxe5 Bxe5 19. Bxe5 f3 20. Bh1 Bxc4 21. Rfc1 Bb5 22. Nc5 Rf7 23. Rd1 Na6 24. Bd6 Qe8 25. Rd4 Nxc5 26. bxc5 Qe6 27. Qa2 Re8 28. Qxe6 Rxe6 29. a4 Ba6 30. Ra3 Be2 31. h3 g5 32. Kh2 Rh6 33. g4 Nf6 34. Kg3 Bf1 35. Kh2 Rxh3+ 36. Kg1 Nxg4 37. Bg3 Be2 38. e5 Rxg3+ 0-1

[Event "Euskadi-chT"]
[Site "Bergara"]
[Date "2010.02.20"]
[Round "6.2"]
[White "Rebole Arbea, Jose Ignacio"]
[Black "Limeres Guiance, Cristobal"]
[Result "0-1"]
[WhiteElo "2203"]
[BlackElo "2250"]
[PlyCount "96"]
[EventDate "2010.01.09"]
[EventType "team-tourn"]
[EventRounds "9"]
[EventCountry "ESP"]
[SourceTitle "EXT 2011"]
[Source "ChessBase"]
[SourceDate "2010.11.26"]
[SourceVersion "1"]
[SourceVersionDate "2010.11.26"]
[SourceQuality "1"]

1. g3 e5 2. Bg2 d5 3. c4 d4 4. d3 Nf6 5. Nf3 Nc6 6. 0-0 Bd6 7. Na3 0-0 8. Nc2 Re8 9. a3 a5 10. b3 Bf5 11. Rb1 Qe7 12. Qd2 Nd8 13. b4 c5 14. e4 Bc8 15. b5 Nh5 16. Nh4 g6 17. Qh6 f6 18. Qd2 Ne6 19. Qd1 Qf7 20. a4 Bd7 21. Ne1 b6 22. Rb2 Rad8 23. Kh1 Kh8 24. Bf3 Nhg7 25. Bg2 Qe7 26. Bh3 Rf8 27. Bh6 Rf7 28. Neg2 f5 29. f4 fxe4 30. fxe5 Bxe5 31. dxe4 Rdf8 32. Rxf7 Qxf7 33. Rb1 Bc8 34. Ne1 Bb7 35. Qd3 g5 36. Nhf3 Qg6 37. Bxg7+ Nxg7 38. Nxe5 Bxe4+ 39. Kg1 Bxd3 40. Nxg6+ Bxg6 41. Rd1 Nf5 42. Rc1 Ne3 43. Ng2 Re8 44. Nxe3 Rxe3 45. Bf1 Kg7 46. Kf2 Kf6 47. Ra1 Bf7 48. Rc1 Ra3 0-1

[Event "Pamplona op 19th"]
[Site "Pamplona"]
[Date "2009.12.07"]
[Round "7"]
[White "Rebole Arbea, Jose Ignacio"]
[Black "Sola Plaza, Gregorio"]
[Result "0-1"]
[WhiteElo "2237"]
[BlackElo "2049"]
[PlyCount "82"]
[EventDate "2009.12.01"]
[EventType "swiss"]
[EventRounds "7"]
[EventCountry "ESP"]
[SourceTitle "CBM 133 Extra"]
[Source "ChessBase"]
[SourceDate "2010.01.05"]
[SourceVersion "1"]
[SourceVersionDate "2010.01.05"]
[SourceQuality "1"]

1. g3 d5 2. Bg2 Nf6 3. Nf3 Bg4 4. c4 c6 5. Ne5 Bh5 6. d4 e6 7. b3 Bb4+ 8. Bd2 Bxd2+ 9. Nxd2 0-0 10. 0-0 Nfd7 11. Nd3 Na6 12. Nf4 Bg6 13. Nxg6 hxg6 14. e4 Qb6 15. exd5 exd5 16. cxd5 c5 17. Nc4 Qf6 18. Qg4 Rad8 19. Rad1 Rfe8 20. h4 cxd4 21. Rxd4 Ndc5 22. Rf4 Qc3 23. h5 gxh5 24. Qxh5 g6 25. Qg5 Nb4 26. Ne3 Nbd3 27. Rc4 Qb2 28. Ng4 Rd6 29. b4 Nd7 30. Rc7 N3e5 31. Nxe5 Nxe5 32. Rxb7 Nd3 33. Qg4 Rf6 34. Qd7 Rf8 35. f4 Kg7 36. Qg4 Qd4+ 37. Kh2 Rh8+ 38. Bh3 Nf2 39. Rxf2 Qxf2+ 40. Kh1 Rf5 41. Rd7 Re8 0-1

[Event "ESP-chT Premier North"]
[Site "Barcelona"]
[Date "2005.08.12"]
[Round "3"]
[White "Rebole Arbea, Jose Ignacio"]
[Black "Sanchez Aller, Fernando"]
[Result "0-1"]
[WhiteElo "2176"]
[BlackElo "2261"]
[PlyCount "60"]
[EventDate "2005.08.01"]
[EventType "team-tourn"]
[EventRounds "6"]
[EventCountry "ESP"]
[SourceTitle "CBM 107 Extra"]
[Source "ChessBase"]
[SourceDate "2005.09.01"]
[SourceVersion "1"]
[SourceVersionDate "2005.09.01"]
[SourceQuality "1"]

1. d4 Nf6 2. Nf3 e6 3. c4 b6 4. g3 Ba6 5. Qc2 c5 6. Bg2 Nc6 7. dxc5 Bxc5 8. a3 Bb7 9. 0-0 Be7 10. Rd1 0-0 11. b3 Rc8 12. Bb2 d6 13. Nc3 a6 14. Rac1 Na5 15. Rd2 Qc7 16. Qd1 Rfd8 17. Na4 Bc6 18. b4 Bxa4 19. Qxa4 Nxc4 20. Qxa6 Ne4 21. Rdc2 d5 22. Ne5 Ra8 23. Qb5 Ned6 24. Qc6 Qa7 25. Nxc4 Nxc4 26. Bd4 Rdc8 27. Qb5 Nxa3 28. Qxb6 Qxb6 29. Bxb6 Rxc2 30. Ra1 Rb8 0-1

[Event "ESP-chT Premier North"]
[Site "Barcelona"]
[Date "2005.08.11"]
[Round "1"]
[White "Rebole Arbea, Jose Ignacio"]
[Black "Jerez Perez, Alfonso"]
[Result "0-1"]
[WhiteElo "2176"]
[BlackElo "2420"]
[PlyCount "70"]
[EventDate "2005.08.01"]
[EventType "team-tourn"]
[EventRounds "6"]
[EventCountry "ESP"]
[SourceTitle "CBM 107 Extra"]
[Source "ChessBase"]
[SourceDate "2005.09.01"]
[SourceVersion "1"]
[SourceVersionDate "2005.09.01"]
[SourceQuality "1"]

1. d4 Nf6 2. c4 g6 3. Nf3 Bg7 4. g3 0-0 5. Bg2 d6 6. Nc3 Nc6 7. 0-0 a6 8. h3 Rb8 9. e4 b5 10. cxb5 axb5 11. e5 dxe5 12. dxe5 Nd7 13. e6 fxe6 14. Ng5 Nd4 15. Be3 Nb6 16. Bxd4 Qxd4 17. Qe2 Qc4 18. Rfe1 b4 19. Nce4 h6 20. Nf3 Qxe2 21. Rxe2 Ba6 22. Rd2 Nc4 23. Rc2 Bxb2 24. Rd1 Bb5 25. Nc5 Rfd8 26. Rxd8+ Rxd8 27. Nxe6 Rd1+ 28. Kh2 Bc3 29. Nxc7 Na3 30. Nxb5 Nxc2 31. Nh4 Kg7 32. Be4 Rd2 33. Nf3 Rxf2+ 34. Kg1 Re2 35. Bd5 Ne3 0-1

[Event "Brno op"]
[Site "Brno"]
[Date "2005.07.06"]
[Round "5"]
[White "Navarrete Delgado, Sergio"]
[Black "Rebole Arbea, Jose Ignacio"]
[Result "1/2-1/2"]
[WhiteElo "2211"]
[BlackElo "2182"]
[PlyCount "35"]
[EventDate "2005.07.02"]
[EventType "swiss"]
[EventRounds "7"]
[EventCountry "CZE"]
[SourceTitle "EXT 2006"]
[Source "ChessBase"]
[SourceDate "2005.11.24"]
[SourceVersion "1"]
[SourceVersionDate "2005.11.24"]
[SourceQuality "1"]

1. e4 c5 2. Nf3 Nc6 3. d4 cxd4 4. Nxd4 e5 5. Nb5 d6 6. N1c3 a6 7. Na3 b5 8. Nd5 Nce7 9. Bg5 h6 10. Be3 Nxd5 11. Qxd5 Be6 12. Qb7 Nf6 13. c4 b4 14. Nc2 Rb8 15. Qxa6 Ra8 16. Qb7 Rb8 17. Qa6 Ra8 18. Qb7 1/2-1/2